[Event "Montevideo Trebejos op 03"]
[Site "Montevideo"]
[Date "2022.03.21"]
[Round "5"]
[White "Dominguez Orono, Walter"]
[Black "Rocca, Jose"]
[Result "0-1"]
[WhiteElo "1681"]
[BlackElo "1562"]
[PlyCount "50"]
[EventDate "2022.03.07"]
[EventType "swiss"]
[EventRounds "6"]
[EventCountry "URU"]
[SourceTitle "EXT 2023"]
[Source "ChessBase"]
[SourceDate "2022.10.05"]
[SourceVersion "1"]
[SourceVersionDate "2022.10.05"]
[SourceQuality "1"]

1. Nf3 e6 2. c4 Nf6 3. d4 d5 4. g3 Be7 5. Bg2 0-0 6. 0-0 Re8 7. Nc3 Nbd7 8. cxd5 exd5 9. Qb3 c6 10. Bf4 Nf8 11. Rad1 Ng6 12. Bg5 h6 13. Bxf6 Bxf6 14. Rfe1 Rb8 15. e4 dxe4 16. Nxe4 Be6 17. Nxf6+ Qxf6 18. Qc2 Bf5 19. Qa4 Bg4 20. Rxe8+ Rxe8 21. Rd3 Qf5 22. Rb3 Qb1+ 23. Bf1 Qd1 24. Ne5 Nxe5 25. dxe5 Be2 0-1

[Event "Montevideo Trebejos op 03"]
[Site "Montevideo"]
[Date "2022.03.18"]
[Round "4"]
[White "Rocca, Jose"]
[Black "Mott, Juan"]
[Result "1-0"]
[WhiteElo "1562"]
[BlackElo "1181"]
[PlyCount "85"]
[EventDate "2022.03.07"]
[EventType "swiss"]
[EventRounds "6"]
[EventCountry "URU"]
[SourceTitle "EXT 2023"]
[Source "ChessBase"]
[SourceDate "2022.10.05"]
[SourceVersion "1"]
[SourceVersionDate "2022.10.05"]
[SourceQuality "1"]

1. e4 e5 2. Nf3 Nf6 3. Nxe5 Nc6 4. Nxc6 dxc6 5. Nc3 Bc5 6. Be2 0-0 7. 0-0 Re8 8. d3 b5 9. Be3 Be7 10. a3 Bb7 11. Bf3 a5 12. Ne2 Nd7 13. d4 Nf8 14. Ng3 Ng6 15. Nf5 Bg5 16. Qd2 f6 17. Bxg5 fxg5 18. g3 Qf6 19. Qd3 Ne7 20. Nxe7+ Rxe7 21. Bg2 Rae8 22. e5 Qe6 23. f4 gxf4 24. Rxf4 Rf7 25. Raf1 Ref8 26. Rxf7 Rxf7 27. Rxf7 Qxf7 28. Qb3 Qxb3 29. cxb3 Kf7 30. Kf2 Ke7 31. Ke3 g5 32. Be4 h6 33. Kf3 Kf8 34. h4 gxh4 35. gxh4 Kg7 36. Kf4 Ba8 37. Kf5 Bb7 38. Ke6 Kf8 39. Kd7 b4 40. e6 Bc8+ 41. Kxc8 Ke7 42. Kxc7 Kxe6 43. Kxc6 1-0

[Event "Montevideo Trebejos Cuartos op"]
[Site "Montevideo"]
[Date "2022.01.26"]
[Round "4"]
[White "Rocca, Jose"]
[Black "Montoli, Sebastian"]
[Result "0-1"]
[WhiteElo "1565"]
[BlackElo "1855"]
[PlyCount "82"]
[EventDate "2022.01.17"]
[EventType "swiss"]
[EventRounds "5"]
[EventCountry "URU"]
[SourceTitle "CBM 206 Extra"]
[Source "ChessBase"]
[SourceDate "2022.03.31"]
[SourceVersion "1"]
[SourceVersionDate "2022.03.31"]
[SourceQuality "1"]

1. e4 e5 2. Nf3 Nc6 3. Bc4 Bc5 4. 0-0 Nf6 5. d4 Bxd4 6. Nxd4 Nxd4 7. Nc3 d6 8. Bg5 h6 9. Bh4 g5 10. Bg3 Be6 11. Bxe6 Nxe6 12. Qd3 Qd7 13. Rad1 Nh5 14. Bxe5 Rg8 15. Qc4 Nef4 16. Nd5 Nxd5 17. Qxd5 0-0-0 18. Qb3 Rde8 19. Bd4 Nf4 20. Qf3 Qc6 21. g3 Nh3+ 22. Kh1 Rxe4 23. Qf5+ Kb8 24. f3 Rxd4 25. Rxd4 g4 26. Rxg4 Ng5 27. h4 Qa6 28. Rg1 Qe2 29. hxg5 hxg5 30. Rxg5 Rh8+ 31. Rh5 Re8 32. Qd3 Qf2 33. Rh2 Qc5 34. c3 a6 35. Qd4 Qf5 36. Qf4 Qd5 37. Qf6 Re5 38. Qf4 b6 39. c4 Qe6 40. Rh6 f6 41. Qxf6 Rh5+ 0-1

[Event "Montevideo Trebejos Cuartos op"]
[Site "Montevideo"]
[Date "2022.01.17"]
[Round "1"]
[White "Rocca, Jose"]
[Black "Avedisian, Alexander"]
[Result "0-1"]
[WhiteElo "1565"]
[BlackElo "1888"]
[PlyCount "54"]
[EventDate "2022.01.17"]
[EventType "swiss"]
[EventRounds "5"]
[EventCountry "URU"]
[SourceTitle "CBM 206 Extra"]
[Source "ChessBase"]
[SourceDate "2022.03.31"]
[SourceVersion "1"]
[SourceVersionDate "2022.03.31"]
[SourceQuality "1"]

1. e4 c5 2. Nf3 g6 3. d4 cxd4 4. Nxd4 Nf6 5. Nc3 Nc6 6. Be3 Bg7 7. Be2 0-0 8. Qd2 d5 9. Nxc6 bxc6 10. e5 Ng4 11. Bxg4 Bxg4 12. Bh6 Qb8 13. Bxg7 Kxg7 14. Qd4 Qxb2 15. 0-0 c5 16. Qxg4 Qxc3 17. Qg5 Rfe8 18. Rad1 h6 19. Qf4 Rad8 20. Rd3 Qxc2 21. Rh3 Rh8 22. Rf3 Qf5 23. Qe3 d4 24. Qb3 Qe6 25. Rc1 Qxb3 26. axb3 Rd5 27. b4 cxb4 0-1

[Event "Montevideo Trebejos Verano op"]
[Site "Montevideo"]
[Date "2019.01.30"]
[Round "6"]
[White "Manteiga, Franco"]
[Black "Rocca, Jose"]
[Result "1-0"]
[WhiteElo "1486"]
[BlackElo "1578"]
[PlyCount "91"]
[EventDate "2019.01.18"]
[EventType "swiss"]
[EventRounds "7"]
[EventCountry "URU"]
[SourceTitle "CBM 188 Extra"]
[Source "ChessBase"]
[SourceDate "2019.02.26"]
[SourceVersion "1"]
[SourceVersionDate "2019.02.26"]
[SourceQuality "1"]

1. d4 d5 2. Bf4 e6 3. e3 Nf6 4. c3 Be7 5. Nd2 Nbd7 6. Bd3 c5 7. h3 b6 8. Ngf3 Bb7 9. 0-0 Ne4 10. Ne5 0-0 11. f3 Nxd2 12. Qxd2 cxd4 13. exd4 Nxe5 14. Bxe5 Bg5 15. Bf4 Bh4 16. g3 Be7 17. Rae1 g5 18. Be3 Qc7 19. f4 h6 20. Rf2 Kh8 21. Rg2 Rg8 22. Qe2 f5 23. Qh5 Rg7 24. Qxh6+ Rh7 25. Qxe6 Rf8 26. Qe5+ Qxe5 27. fxe5 Rxh3 28. Rh2 Rxh2 29. Kxh2 Kg7 30. Rf1 Bc8 31. Kg2 Be6 32. b3 f4 33. gxf4 Rh8 34. Rh1 Rxh1 35. Kxh1 g4 36. f5 Bd7 37. f6+ Bxf6 38. exf6+ Kxf6 39. Kg2 Bf5 40. Bxf5 Kxf5 41. c4 Ke4 42. Bf2 a5 43. c5 bxc5 44. dxc5 Ke5 45. Kg3 Ke6 46. Kxg4 1-0

[Event "Montevideo Cao Memorial"]
[Site "Montevideo"]
[Date "2018.11.21"]
[Round "7"]
[White "Rocca, Jose"]
[Black "Quevedo, Andreina"]
[Result "0-1"]
[WhiteElo "1594"]
[BlackElo "1837"]
[PlyCount "142"]
[EventDate "2018.11.07"]
[EventType "swiss"]
[EventRounds "7"]
[EventCountry "URU"]
[SourceTitle "CBM 187 Extra"]
[Source "ChessBase"]
[SourceDate "2018.11.04"]
[SourceVersion "1"]
[SourceVersionDate "2018.11.04"]
[SourceQuality "1"]

1. d4 Nf6 2. Nc3 g6 3. e4 d6 4. Nf3 Bg7 5. Bb5+ c6 6. Be2 0-0 7. 0-0 b5 8. a3 Bb7 9. Bg5 Nbd7 10. d5 cxd5 11. exd5 a6 12. Re1 Nb6 13. Bd3 Nbxd5 14. Nxd5 Bxd5 15. Bf1 Bxf3 16. Qxf3 Rc8 17. c3 h6 18. Bxf6 Bxf6 19. Qb7 Ra8 20. Bd3 Qc8 21. Qf3 Qd7 22. Be4 Ra7 23. Rad1 Rc8 24. Bd5 Bg7 25. Qxf7+ Kh7 26. Be6 Rf8 27. Qxf8 Bxf8 28. Bxd7 Rxd7 29. Re6 Kg7 30. Rde1 Kf7 31. g3 Bg7 32. f4 a5 33. Kg2 Rb7 34. Kf3 b4 35. axb4 axb4 36. R6e3 Bf6 37. Ke4 Rb6 38. Kd3 d5 39. Kc2 Rb7 40. Rd3 Rb5 41. Red1 Ke6 42. Ra1 Kf5 43. Ra4 bxc3 44. bxc3 Kg4 45. Ra7 Kh3 46. Rd7 Kxh2 47. R7xd5 Rb7 48. g4 Rb6 49. Ra5 Bh4 50. Ra2 Bg3 51. Kd1+ Kh3 52. g5 hxg5 53. fxg5 Rb5 54. Ra7 Rb1+ 55. Kc2 Re1 56. Ra6 e6 57. Ra8 Re5 58. Rh8+ Kg4 59. Rh1 Bf4 60. Rg1+ Kf5 61. Rf3 Ra5 62. Kd3 e5 63. Rff1 Ra4 64. c4 Ra3+ 65. Kc2 Ke4 66. Re1+ Kd4 67. Kb2 Ra5 68. Kb3 Ra6 69. Kb4 Rb6+ 70. Ka4 Kxc4 71. Re4+ Kd5 0-1

[Event "Montevideo Cao Memorial"]
[Site "Montevideo"]
[Date "2018.11.07"]
[Round "1"]
[White "Rocca, Jose"]
[Black "Soto, Nicolas"]
[Result "0-1"]
[WhiteElo "1594"]
[BlackElo "1957"]
[PlyCount "48"]
[EventDate "2018.11.07"]
[EventType "swiss"]
[EventRounds "7"]
[EventCountry "URU"]
[SourceTitle "CBM 187 Extra"]
[Source "ChessBase"]
[SourceDate "2018.11.04"]
[SourceVersion "1"]
[SourceVersionDate "2018.11.04"]
[SourceQuality "1"]

1. d4 d5 2. c4 c6 3. e3 Nf6 4. Nc3 e6 5. Nf3 Bd6 6. Bd3 Nbd7 7. e4 dxe4 8. Nxe4 Nxe4 9. Bxe4 Nf6 10. Bc2 h6 11. 0-0 0-0 12. Bd2 Re8 13. Ne5 c5 14. Bc3 cxd4 15. Bxd4 Qc7 16. Re1 Rd8 17. Qf3 Be7 18. Bc3 Bd7 19. Ng4 Bc6 20. Qh3 Qf4 21. Ne5 Rac8 22. Nxf7 Ng4 23. Nxd8 Bc5 24. Nxc6 Qxf2+ 0-1

[Event "Montevideo Trebejos op 09"]
[Site "Montevideo"]
[Date "2018.09.07"]
[Round "2"]
[White "Roman, Enrique"]
[Black "Rocca, Jose"]
[Result "0-1"]
[WhiteElo "1317"]
[BlackElo "1613"]
[PlyCount "92"]
[EventDate "2018.09.05"]
[EventType "swiss"]
[EventRounds "7"]
[EventCountry "URU"]
[SourceTitle "CBM 186 Extra"]
[Source "ChessBase"]
[SourceDate "2018.08.24"]
[SourceVersion "1"]
[SourceVersionDate "2018.08.24"]
[SourceQuality "1"]

1. c4 e6 2. Nc3 Nf6 3. e3 c5 4. d4 d5 5. Nf3 Nc6 6. Bd3 dxc4 7. Bxc4 cxd4 8. exd4 Be7 9. 0-0 0-0 10. Bb3 a6 11. Re1 Qc7 12. a3 Rd8 13. Ne2 b5 14. Qc2 Bb7 15. Bf4 Bd6 16. Bg5 h5 17. Bxf6 gxf6 18. Qd2 Kh7 19. Bc2+ f5 20. Rac1 Qe7 21. Ng3 Bxg3 22. fxg3 Qf6 23. Qf4 Nxd4 24. Nxd4 Rxd4 25. Qc7 Bd5 26. Re2 Rc4 27. Qd7 Rac8 28. b3 R4c7 29. Bxf5+ exf5 30. Rxc7 Rxc7 31. Qxc7 Qd4+ 32. Kf1 Bxb3 33. Qf4 Qxf4+ 34. gxf4 Bc4 35. Ke1 Bxe2 36. Kxe2 Kg7 37. Kd3 Kf6 38. Kd4 a5 39. Kc5 b4 40. Kc4 bxa3 41. Kb3 Ke6 42. Kxa3 Kd5 43. g3 Ke4 44. Ka4 Kf3 45. Kxa5 Kg2 46. g4 fxg4 0-1

[Event "Montevideo Trebejos Autumn op"]
[Site "Montevideo"]
[Date "2018.03.14"]
[Round "4"]
[White "Barboza, Mauro"]
[Black "Rocca, Jose"]
[Result "1-0"]
[WhiteElo "1882"]
[BlackElo "1629"]
[PlyCount "39"]
[EventDate "2018.03.07"]
[EventType "swiss"]
[EventRounds "7"]
[EventCountry "URU"]
[SourceTitle "CBM 183 Extra"]
[Source "ChessBase"]
[SourceDate "2018.04.19"]
[SourceVersion "1"]
[SourceVersionDate "2018.04.19"]
[SourceQuality "1"]

1. e4 e6 2. d4 d5 3. e5 c5 4. c3 Nc6 5. Nf3 Qb6 6. Bd3 Bd7 7. dxc5 Bxc5 8. 0-0 Qc7 9. Qe2 Nge7 10. b4 Bb6 11. a4 a5 12. Na3 axb4 13. Nb5 Qb8 14. Nd6+ Kf8 15. Ng5 Nf5 16. Bxf5 exf5 17. Ndxf7 Rg8 18. e6 Qc8 19. Nxh7+ Ke7 20. Bg5+ 1-0

[Event "Montevideo Trebejos Verano op"]
[Site "Montevideo"]
[Date "2018.01.22"]
[Round "4"]
[White "Rocca, Jose"]
[Black "Shih Ferreira, Yin Chieh"]
[Result "1-0"]
[WhiteElo "1633"]
[BlackElo "1366"]
[PlyCount "61"]
[EventDate "2018.01.15"]
[EventType "swiss"]
[EventRounds "6"]
[EventCountry "URU"]
[SourceTitle "CBM 182 Extra"]
[Source "ChessBase"]
[SourceDate "2018.02.23"]
[SourceVersion "1"]
[SourceVersionDate "2018.02.23"]
[SourceQuality "1"]

1. e4 e6 2. d4 d5 3. Nd2 Nf6 4. e5 Nfd7 5. Ngf3 Be7 6. Nb3 0-0 7. Be3 c6 8. Bd3 Qc7 9. Ng5 Bxg5 10. Bxg5 f6 11. Bd2 fxe5 12. Qh5 Nf6 13. Qxe5 Qxe5+ 14. dxe5 Ng4 15. f4 b6 16. h3 Nh6 17. Nd4 c5 18. Nb5 a6 19. Nd6 c4 20. Be2 Nf5 21. Nxf5 exf5 22. 0-0-0 Nc6 23. Bc3 d4 24. Bxc4+ Kh8 25. Bxd4 Nxd4 26. Rxd4 b5 27. Bd5 Rd8 28. Rhd1 Rb8 29. Bf3 Rxd4 30. Rxd4 Be6 31. Rd6 1-0

[Event "Montevideo Cuartos Trebejos"]
[Site "Montevideo"]
[Date "2017.12.18"]
[Round "4.5"]
[White "Rocca, Jose"]
[Black "Salguero, Rafael"]
[Result "0-1"]
[WhiteElo "1626"]
[BlackElo "1881"]
[PlyCount "132"]
[EventDate "2017.12.11"]
[EventType "swiss"]
[EventRounds "5"]
[EventCountry "URU"]
[SourceTitle "EXT 2024"]
[Source "ChessBase"]
[SourceDate "2023.10.10"]
[SourceVersion "1"]
[SourceVersionDate "2023.10.10"]
[SourceQuality "1"]

1. e4 e6 2. d4 d5 3. Nc3 dxe4 4. Nxe4 Bd7 5. Nf3 Bc6 6. Bd3 Nd7 7. 0-0 Ngf6 8. Nxf6+ Qxf6 9. c4 Bxf3 10. Qxf3 Qxf3 11. gxf3 0-0-0 12. Be3 Be7 13. Rfd1 Bf6 14. Rab1 h5 15. b4 h4 16. h3 Nb6 17. d5 exd5 18. Bxb6 axb6 19. Bf5+ Kb8 20. Rxd5 Rxd5 21. cxd5 Rd8 22. Be4 g6 23. b5 Be5 24. Rd1 c6 25. bxc6 bxc6 26. d6 Kb7 27. d7 Kc7 28. Rc1 c5 29. Re1 Bd4 30. Bc2 Kxd7 31. Ba4+ Kd6 32. Be8 f6 33. Kf1 g5 34. Bf7 Ra8 35. Re6+ Kc7 36. Re7+ Kc6 37. a4 Rb8 38. Bc4 Kd6 39. Re6+ Kd7 40. Re2 Be5 41. Re4 Rd8 42. Re2 Kc7 43. Ke1 Rd4 44. Re4 Rd6 45. Bb5 Kd8 46. Ke2 Ke7 47. Re3 Rd4 48. Re4 Kd6 49. Rxd4+ Bxd4 50. Bd3 Ke5 51. Bc4 f5 52. Bb5 Kf4 53. Bd7 c4 54. Be6 c3 55. Bb3 g4 56. fxg4 fxg4 57. hxg4 h3 58. Kf1 Kxg4 59. Kg1 Be5 60. Bc2 Kf3 61. Bd1+ Ke4 62. Bc2+ Kd4 63. Kf1 h2 64. Kg2 Kc4 65. Kh1 Kb4 66. Kg2 Ka3 0-1

[Event "Montevideo Trebejos op 11"]
[Site "Montevideo"]
[Date "2017.11.17"]
[Round "5"]
[White "Rocca, Jose"]
[Black "Shih Ferreira, Yin Chieh"]
[Result "1-0"]
[WhiteElo "1644"]
[BlackElo "1386"]
[PlyCount "87"]
[EventDate "2017.11.08"]
[EventType "swiss"]
[EventRounds "7"]
[EventCountry "URU"]
[SourceTitle "CBM 181 Extra"]
[Source "ChessBase"]
[SourceDate "2017.12.12"]
[SourceVersion "1"]
[SourceVersionDate "2017.12.12"]
[SourceQuality "1"]

1. e4 c6 2. d4 d5 3. e5 Bf5 4. Nf3 e6 5. Be2 h6 6. Nbd2 Ne7 7. 0-0 Ng6 8. Re1 c5 9. c3 Nf4 10. Bb5+ Nc6 11. Nf1 Ng6 12. Ng3 Bg4 13. h3 Bxf3 14. Qxf3 Be7 15. Be3 cxd4 16. cxd4 0-0 17. Qg4 Bb4 18. Re2 Nce7 19. h4 f5 20. exf6 Rxf6 21. Nh5 Nf5 22. Nxf6+ Qxf6 23. Bd3 Nfxh4 24. Bxg6 Nxg6 25. Bxh6 gxh6 26. Rxe6 Qf7 27. Rxg6+ Kh7 28. Re6 Rf8 29. Re2 Rg8 30. Qh3 Ba5 31. Rd1 Bc7 32. Rde1 Bd8 33. Re6 Bg5 34. R6e5 Rf8 35. R1e2 Rg8 36. Qd3+ Kh8 37. Qc2 Qg7 38. g3 Qd7 39. Qf5 Qc7 40. Re6 Qc1+ 41. Kg2 Qc8 42. Qf7 Rf8 43. Re8 Rxe8 44. Rxe8+ 1-0

[Event "Montevideo Trebejos op 10"]
[Site "Montevideo"]
[Date "2017.10.24"]
[Round "6"]
[White "Figueredo, Nicolas"]
[Black "Rocca, Jose"]
[Result "1/2-1/2"]
[WhiteElo "1898"]
[BlackElo "1666"]
[PlyCount "99"]
[EventDate "2017.10.03"]
[EventType "swiss"]
[EventRounds "6"]
[EventCountry "URU"]
[SourceTitle "CBM 181 Extra"]
[Source "ChessBase"]
[SourceDate "2017.12.12"]
[SourceVersion "1"]
[SourceVersionDate "2017.12.12"]
[SourceQuality "1"]

1. d4 d5 2. Nf3 Nf6 3. Bg5 e6 4. e3 Be7 5. Bd3 h6 6. Bh4 Nbd7 7. Nbd2 c5 8. c3 b6 9. 0-0 Bb7 10. Bg3 0-0 11. Re1 Ne4 12. Qc2 Nxg3 13. hxg3 cxd4 14. exd4 Rc8 15. Rac1 Bf6 16. Qb1 Re8 17. Ne5 Nxe5 18. dxe5 Bg5 19. f4 Be7 20. Nf3 Bc5+ 21. Nd4 a6 22. Kh2 Bxd4 23. cxd4 b5 24. b4 Qb6 25. Rc5 Rxc5 26. bxc5 Qa5 27. Rc1 Bc6 28. Qc2 Qb4 29. Qc3 Qxc3 30. Rxc3 b4 31. Rb3 a5 32. Rb2 Kf8 33. Kg1 Rb8 34. Kf2 a4 35. a3 b3 36. Ke2 Bb5 37. Bxb5 Rxb5 38. Kd3 Ke7 39. Kc3 Rb8 40. Rb1 f6 41. g4 fxe5 42. fxe5 Kf7 43. Rf1+ Kg6 44. Kb2 Rb7 45. Rf4 Kg5 46. g3 Kg6 47. Rf8 Ra7 48. Rf2 Kg5 49. Rf4 Kg6 50. Rf2 1/2-1/2

[Event "Montevideo Municipal op"]
[Site "Montevideo"]
[Date "2017.09.11"]
[Round "6"]
[White "Fernandez Cuneo, Carlos"]
[Black "Rocca, Jose"]
[Result "0-1"]
[WhiteElo "1680"]
[BlackElo "1654"]
[PlyCount "98"]
[EventDate "2017.08.30"]
[EventType "swiss"]
[EventRounds "7"]
[EventCountry "URU"]
[SourceTitle "CBM 180 Extra"]
[Source "ChessBase"]
[SourceDate "2017.10.06"]
[SourceVersion "1"]
[SourceVersionDate "2017.10.06"]
[SourceQuality "1"]

1. e4 e6 2. d4 d5 3. e5 c5 4. Nf3 Nc6 5. Bd3 cxd4 6. 0-0 Nge7 7. Nbd2 Ng6 8. Re1 Bb4 9. a3 Ba5 10. b4 Bb6 11. Nb3 Bd7 12. b5 Nce7 13. Nbxd4 Rc8 14. a4 Qc7 15. Bb2 Ba5 16. c3 0-0 17. Rc1 Qb8 18. Re3 Bc7 19. c4 dxc4 20. Bxc4 Rfd8 21. Ng5 h6 22. Ngxe6 Bxe6 23. Bxe6 fxe6 24. Qg4 Bxe5 25. Qxe6+ Kh7 26. Rxc8 Qxc8 27. Rxe5 Nxe5 28. Qxe5 Ng6 29. Qe1 Qg4 30. Nf3 Qxa4 31. Nd2 Qc2 32. Bc1 Rc8 33. Ba3 Qa2 34. Bc1 Qa1 35. Nb3 Qc3 36. Qd1 Qc2 37. Qxc2 Rxc2 38. Be3 Rb2 39. Nd2 b6 40. g3 Rxb5 41. Nc4 Rb4 42. Nd6 a5 43. Ne8 b5 44. Bd2 Rb1+ 45. Kg2 a4 46. Nd6 b4 47. Nb5 Rd1 48. Be3 a3 49. Nd4 a2 0-1

[Event "Montevideo Trebejos Autumn op"]
[Site "Montevideo"]
[Date "2017.05.03"]
[Round "4"]
[White "Sanguinetti, Luis"]
[Black "Rocca, Jose"]
[Result "1-0"]
[WhiteElo "2202"]
[BlackElo "1652"]
[PlyCount "41"]
[EventDate "2017.04.24"]
[EventType "swiss"]
[EventRounds "7"]
[EventCountry "URU"]
[SourceTitle "CBM 178 Extra"]
[Source "ChessBase"]
[SourceDate "2017.06.22"]
[SourceVersion "1"]
[SourceVersionDate "2017.06.22"]
[SourceQuality "1"]

1. e4 e6 2. d4 d5 3. e5 c5 4. Nf3 Nc6 5. Bd3 cxd4 6. 0-0 Nge7 7. Bf4 Ng6 8. Bg3 Bc5 9. Nbd2 Qc7 10. Re1 Bb6 11. a3 Bd7 12. Ng5 Nce7 13. Qh5 Qc6 14. Ndf3 Nf5 15. Bxf5 exf5 16. e6 Bxe6 17. Nxe6 fxe6 18. Ne5 Qb5 19. Nxg6 Kd7 20. Nxh8 Rxh8 21. Qf7+ 1-0

[Event "Montevideo Trebejos op 03"]
[Site "Montevideo"]
[Date "2017.03.20"]
[Round "7"]
[White "Rocca, Jose"]
[Black "Zaruski, Julio"]
[Result "0-1"]
[WhiteElo "1643"]
[BlackElo "1951"]
[PlyCount "100"]
[EventDate "2017.03.06"]
[EventType "swiss"]
[EventRounds "7"]
[EventCountry "URU"]
[SourceTitle "EXT 2018"]
[Source "ChessBase"]
[SourceDate "2017.10.13"]
[SourceVersion "1"]
[SourceVersionDate "2017.10.13"]
[SourceQuality "1"]

1. d4 Nf6 2. Nf3 e6 3. c4 b6 4. Nc3 Bb7 5. e3 Ne4 6. Nxe4 Bxe4 7. a3 c5 8. Bd3 Bxd3 9. Qxd3 d6 10. d5 exd5 11. cxd5 Be7 12. Bd2 0-0 13. 0-0 Bf6 14. Bc3 Nd7 15. Nd2 Ne5 16. Qc2 b5 17. Ne4 Ng4 18. Nxf6+ Nxf6 19. Qf5 Qd7 20. Qg5 h6 21. Qg3 Ne8 22. e4 a5 23. Bd2 Kh7 24. Qd3 c4 25. Qc2 Kh8 26. Bc3 f5 27. f3 Nf6 28. Rad1 fxe4 29. fxe4 Ng4 30. Bd4 Qe7 31. Qd2 a4 32. h3 Ne5 33. Bxe5 Qxe5 34. Qe1 Qxb2 35. Rxf8+ Rxf8 36. Rb1 Qd4+ 37. Kh2 c3 38. Rxb5 c2 39. Rb7 Qd1 40. Qc3 Rg8 41. Rc7 c1Q 42. Qxc1 Qd4 43. Qe1 Qe5+ 44. Kh1 Rb8 45. Qc1 Rb2 46. Qf1 Rb8 47. Kg1 Qxe4 48. Qf7 Rb1+ 49. Kf2 Rb2+ 50. Kg3 Rxg2# 0-1

[Event "Montevideo Trebejos op 03"]
[Site "Montevideo"]
[Date "2017.03.09"]
[Round "3"]
[White "Rocca, Jose"]
[Black "Fernandez Cuneo, Carlos"]
[Result "1-0"]
[WhiteElo "1643"]
[BlackElo "1724"]
[PlyCount "55"]
[EventDate "2017.03.06"]
[EventType "swiss"]
[EventRounds "7"]
[EventCountry "URU"]
[SourceTitle "CBM 177 Extra"]
[Source "ChessBase"]
[SourceDate "2017.04.27"]
[SourceVersion "1"]
[SourceVersionDate "2017.04.27"]
[SourceQuality "1"]

1. d4 Nf6 2. Nf3 e6 3. e3 d5 4. c4 c5 5. Nc3 cxd4 6. exd4 Nc6 7. cxd5 exd5 8. Bb5 a6 9. Ba4 b5 10. Bb3 Be7 11. 0-0 0-0 12. Bg5 Be6 13. Rc1 Rc8 14. Bc2 Bg4 15. Bb1 b4 16. Na4 Ne4 17. Bxe7 Qxe7 18. Nb6 Bxf3 19. Nxc8 Qg5 20. Qxf3 Nxd4 21. Qe3 Qxe3 22. fxe3 Ne2+ 23. Kh1 Nd2 24. Ne7+ Kh8 25. Rxf7 g6 26. Rxf8+ Kg7 27. Rfc8 Ne4 28. Bxe4 1-0